000 01243nam a2200241Ia 4500
001 19490
003 GE_BSU
008 181216s||||||||xx |||||||||||||| ||und||
040 _cGE_BSU
080 _a81(479.22)(092)
245 _aორიონი : საიუბილეო კრებული, მიძღვნილი აკაკი შანიძის დაბადების 80 წლისთავისადმი
245 _cრედაქტორები : ი. იმნაიშვილი, ა. ურუშაძე.
250 _aთბილისის სახელმწიფო უნივერსიტეტი.
260 _aთბილისი
260 _bთბილ. უნ-ტის გამ-ბა,
260 _c1967
300 _a444გვ;26სმ.
300 _bსაგნობრივი საძიებელი: გვ. 440-41. - აკაკი შანიძის ნაშრომთა ბიბლიოგრაფია: გვ. 407-439. - ტექსტის მცირე ნაწ. რუს. ენ.
541 _h4ლ.60თ.
653 _aორიონი
653 _aსაიუბილეო კრებული,
942 _cBK
999 _c52467
_d52467